000 00616nam a2200193 i 4500
001 16416
003 ES-MaACL
007 t|
008 000918s1983 sp ||||1| spa d
020 _a84-300-9423-7
080 _a821.134.2-94"19"
100 0 _aNieto Peña, Roque,
_d1910-1991
_985708
245 1 0 _a7 vidas
_b: recuerdos para ganar el tiempo /
_cRoque Nieto Peña.
250 _a1ª ed.
260 _aSan Juan, Puerto Rico :
_bJuan Ponce de León,
_c1983.
300 _a344 p. :
_bil. ;
_c25 cm.
852 _aES-MaACL
_jG-2167
_bR.119626
_q. - Ded. autógr. del autor
999 _c16416
_d16416